Genética : (Registro nro. 13170)

Detalles MARC
000 -LEADER
fixed length control field 00951cam a22003373a 4500
001 - CONTROL NUMBER
control field 0000671
003 - CONTROL NUMBER IDENTIFIER
control field DO-SdBNP
005 - DATE AND TIME OF LATEST TRANSACTION
control field 20171128144814.0
007 - PHYSICAL DESCRIPTION FIXED FIELD--GENERAL INFORMATION
fixed length control field 0000671
008 - FIXED-LENGTH DATA ELEMENTS--GENERAL INFORMATION
fixed length control field 8611121974 sp ac 000 0 spa d
010 ## - LIBRARY OF CONGRESS CONTROL NUMBER
LC control number
020 ## - INTERNATIONAL STANDARD BOOK NUMBER
International Standard Book Number 8471790580
040 ## - CATALOGING SOURCE
Original cataloging agency BPMSU
Transcribing agency spa
Modifying agency BPMSU
--
082 #4 - DEWEY DECIMAL CLASSIFICATION NUMBER
Classification number sss
Item number sss
100 1# - MAIN ENTRY--PERSONAL NAME
Personal name Frézal, J.
240 12 - UNIFORM TITLE
Uniform title <a href=" "> </a>
245 10 - TITLE STATEMENT
Title Genética :
Statement of responsibility, etc. J. Frézal, J. Feingold, H. Tuchmann ; versión castellana Antonio Richs
Remainder of title enfermedades hereditarias del metabolismo embriopatías /
260 ## - PUBLICATION, DISTRIBUTION, ETC. (IMPRINT)
Place of publication, distribution, etc. Barcelona :
Name of publisher, distributor, etc. Editorial Espaxs,
Date of publication, distribution, etc. 1974
300 ## - PHYSICAL DESCRIPTION
Extent 187p. ;
Other physical details
Dimensions 28 cm.
500 ## - GENERAL NOTE
General note
600 ## - SUBJECT ADDED ENTRY--PERSONAL NAME
Personal name
General subdivision
650 #4 - SUBJECT ADDED ENTRY--TOPICAL TERM
Topical term or geographic name as entry element ADN
650 #4 - SUBJECT ADDED ENTRY--TOPICAL TERM
Topical term or geographic name as entry element GENES
650 #4 - SUBJECT ADDED ENTRY--TOPICAL TERM
Topical term or geographic name as entry element GENÉTICA MOLECULAR
700 12 - ADDED ENTRY--PERSONAL NAME
Personal name Feingold, J.
Relator term
700 12 - ADDED ENTRY--PERSONAL NAME
Personal name Tuchmann, H.
910 ## - USER-OPTION DATA (OCLC)
User-option data Validado. Control de calidad MFF
942 ## - ADDED ENTRY ELEMENTS (KOHA)
Source of classification or shelving scheme Dewey Decimal Classification
Koha item type Libros
945 ## - LOCAL PROCESSING INFORMATION (OCLC)
a Inventario extranjero / 2017 VM
956 ## - LOCAL ELECTRONIC LOCATION AND ACCESS (OCLC)
Access method VMATEO
Materials specified 10
Field link and sequence number 20171128
Linkage BPMSU
Host name 0069
Existencias
Withdrawn status Lost status Source of classification or shelving scheme Damaged status Not for loan Collection code Home library Current library Date acquired Total Checkouts Full call number Barcode Date last seen Price effective from Koha item type
    Dewey Decimal Classification     Colección General Biblioteca Pública Metropolitana Salomé Ureña Biblioteca Pública Metropolitana Salomé Ureña 11/28/2017   sss sss BPMSU17110498 11/28/2017 11/28/2017 Libros